| 000 | 00761nmm a2200289 a 4500 | ||
|---|---|---|---|
| 003 | AR-BaBNM | ||
| 005 | 20251128210147.0 | ||
| 008 | 089019s1998 ||||||||||||||000 | spa|| | ||
| 020 | _a84-7577-441-5 | ||
| 040 | _cAR-BaBNM | ||
| 100 | 1 | _aDe Bono, Edward | |
| 245 | 1 | 0 | _aSeis sombreros para pensar |
| 260 |
_aBarcelona _bGranica _c1998 |
||
| 300 | 0 | _a222 p. | |
| 650 | 4 | _aPROCESO DEL PENSAMIENTO | |
| 650 | 4 | _aPENSAMIENTO CREADOR | |
| 650 | 4 | _aCREATIVIDAD | |
| 650 | 4 | _aAPRENDIZAJE | |
| 650 | 4 | _aSOLUCION DE PROBLEMAS | |
| 650 | 4 | _aTOMA DE DECISIONES | |
| 650 | 4 | _aTEORIAS DEL APRENDIZAJE | |
| 650 | 4 | _aPROCESO DE APRENDIZAJE | |
| 650 | 4 | _aINTELIGENCIA PRACTICA | |
| 700 | 1 |
_aPandolfo, Marcela _etraductor |
|
| 942 | _cBK | ||
| 998 | _cRaquel | ||
| 999 |
_c14312 _d14312 |
||